[Event "FRA-chT1 1011"]
[Site "France"]
[Date "2010.11.13"]
[Round "2.3"]
[White "Sibirko, Ivan"]
[Black "Martin, Bruno"]
[Result "1-0"]
[WhiteElo "2117"]
[BlackElo "2038"]
[PlyCount "52"]
[EventDate "2010.10.17"]
[EventType "team-tourn"]
[EventRounds "11"]
[EventCountry "FRA"]
[SourceTitle "EXT 2012"]
[Source "ChessBase"]
[SourceDate "2011.11.24"]
[SourceVersion "1"]
[SourceVersionDate "2011.11.24"]
[SourceQuality "1"]

1. d4 Nf6 2. Nf3 g6 3. g3 Bg7 4. Bg2 0-0 5. c4 d5 6. 0-0 dxc4 7. Ne5 c6 8. Na3 Be6 9. Naxc4 Qc8 10. Qe1 Rd8 11. e3 Nbd7 12. Bd2 Nd5 13. Rc1 Nxe5 14. Nxe5 f6 15. Nd3 Bf7 16. a4 Nc7 17. f4 e5 18. fxe5 fxe5 19. Nxe5 Bxe5 20. dxe5 Qe6 21. Qe2 Qxe5 22. Bc3 Qe6 23. b4 Nd5 24. Ba1 Kf8 25. Qb2 h5 26. e4 Nc7 1-0

[Event "FRA-chT2 South 0708"]
[Site "France"]
[Date "2008.04.05"]
[Round "10.4"]
[White "Sibirko, Ivan"]
[Black "Calas, Bernard"]
[Result "1-0"]
[WhiteElo "2095"]
[BlackElo "2140"]
[PlyCount "89"]
[EventDate "2007.10.21"]
[EventType "team"]
[EventRounds "11"]
[EventCountry "FRA"]
[SourceTitle "EXT 2009"]
[Source "ChessBase"]
[SourceDate "2008.11.26"]
[SourceVersion "1"]
[SourceVersionDate "2008.11.26"]
[SourceQuality "1"]
[WhiteTeam "L'Isle sur la Sorgue"]
[BlackTeam "Bordeaux ASPOM"]
[WhiteTeamCountry "FRA"]
[BlackTeamCountry "FRA"]

1. d4 g6 2. c4 Bg7 3. g3 d6 4. Bg2 Nf6 5. Nf3 0-0 6. 0-0 Bd7 7. Nc3 Nc6 8. h3 Re8 9. Bg5 h6 10. Be3 e5 11. dxe5 dxe5 12. Qc1 Kh7 13. Rd1 Qc8 14. Kh2 a5 15. b3 Be6 16. Nd5 Nh5 17. a3 f5 18. Ra2 g5 19. Qb1 Kg8 20. b4 axb4 21. axb4 Rxa2 22. Qxa2 f4 23. Bc5 fxg3+ 24. fxg3 b6 25. Bf2 b5 26. e4 Kh8 27. Qe2 g4 28. Nh4 Nd4 29. Bxd4 exd4 30. e5 c6 31. Ng6+ Kh7 32. Nde7 Rxe7 33. Nxe7 Qd7 34. Qe4+ Kh8 35. Ng6+ Kg8 36. Rxd4 Qe8 37. hxg4 Nxg3 38. Kxg3 Bf7 39. Rd6 bxc4 40. Rxc6 Bxg6 41. Rxg6 c3 42. Qa8 Qxa8 43. Bxa8 c2 44. Rc6 Bxe5+ 45. Kf3 1-0

[Event "FRA-chT2 South 0708"]
[Site "France"]
[Date "2008.03.15"]
[Round "8.6"]
[White "Sibirko, Ivan"]
[Black "Iwanesko, Alexandre"]
[Result "1-0"]
[WhiteElo "2073"]
[BlackElo "2010"]
[PlyCount "71"]
[EventDate "2007.10.21"]
[EventType "team"]
[EventRounds "11"]
[EventCountry "FRA"]
[SourceTitle "EXT 2009"]
[Source "ChessBase"]
[SourceDate "2008.11.26"]
[SourceVersion "1"]
[SourceVersionDate "2008.11.26"]
[SourceQuality "1"]
[WhiteTeam "L'Isle sur la Sorgue"]
[BlackTeam "Ramonville"]
[WhiteTeamCountry "FRA"]
[BlackTeamCountry "FRA"]

1. d4 Nf6 2. c4 g6 3. Nc3 Bg7 4. e4 d6 5. g3 0-0 6. Bg2 Nc6 7. Nge2 e5 8. 0-0 exd4 9. Nxd4 Nxd4 10. Qxd4 Re8 11. Qd2 Be6 12. b3 Qd7 13. Re1 c6 14. Bb2 Rad8 15. Rad1 Bh3 16. Bh1 b5 17. cxb5 cxb5 18. Ba3 a5 19. Bxd6 b4 20. Na4 Ng4 21. Qd5 Re6 22. Nc5 Qxd6 23. Nxe6 Qxd5 24. exd5 fxe6 25. dxe6 Rxd1 26. Rxd1 Kf8 27. Rd8+ Ke7 28. Rd7+ Kf6 29. e7 Ne5 30. e8Q Bxd7 31. Qd8+ Ke6 32. Qg8+ Kf6 33. Bd5 Bc6 34. Qd8+ Kf5 35. Bxc6 Nxc6 36. Qd7+ 1-0

[Event "FRA-chT2 South 0708"]
[Site "France"]
[Date "2007.11.24"]
[Round "2.6"]
[White "Sibirko, Ivan"]
[Black "Chaplin, Erik"]
[Result "0-1"]
[WhiteElo "2066"]
[BlackElo "2116"]
[PlyCount "52"]
[EventDate "2007.10.21"]
[EventType "team"]
[EventRounds "11"]
[EventCountry "FRA"]
[SourceTitle "EXT 2009"]
[Source "ChessBase"]
[SourceDate "2008.11.26"]
[SourceVersion "1"]
[SourceVersionDate "2008.11.26"]
[SourceQuality "1"]
[WhiteTeam "L'Isle sur la Sorgue"]
[BlackTeam "Saint Affrique"]
[WhiteTeamCountry "FRA"]
[BlackTeamCountry "FRA"]

1. d4 Nf6 2. c4 e6 3. Nf3 Bb4+ 4. Nbd2 d6 5. Qc2 Nbd7 6. a3 Bxd2+ 7. Bxd2 e5 8. e4 exd4 9. Nxd4 Nc5 10. Bd3 Ng4 11. 0-0 c6 12. Rad1 Qf6 13. Nf3 Ne5 14. Nxe5 dxe5 15. Bc3 Ne6 16. b4 Nf4 17. Rfe1 Nxg2 18. Bf1 Nxe1 19. Rxe1 0-0 20. Re3 Qf4 21. Qb2 f6 22. Bg2 Be6 23. Bd2 Rad8 24. Rd3 Rxd3 25. Bxf4 Rd1+ 26. Bf1 Bh3 0-1

[Event "FRA-chT2 South 0708"]
[Site "France"]
[Date "2007.10.21"]
[Round "1.4"]
[White "Gentilleau, Jean Philippe"]
[Black "Sibirko, Ivan"]
[Result "1/2-1/2"]
[WhiteElo "2181"]
[BlackElo "2066"]
[PlyCount "43"]
[EventDate "2007.10.21"]
[EventType "team"]
[EventRounds "11"]
[EventCountry "FRA"]
[SourceTitle "EXT 2009"]
[Source "ChessBase"]
[SourceDate "2008.11.26"]
[SourceVersion "1"]
[SourceVersionDate "2008.11.26"]
[SourceQuality "1"]
[WhiteTeam "Monaco"]
[BlackTeam "L'Isle sur la Sorgue"]
[WhiteTeamCountry "FRA"]
[BlackTeamCountry "FRA"]

1. e4 e6 2. d4 d5 3. Nc3 Nf6 4. Bg5 dxe4 5. Nxe4 Be7 6. Bxf6 Bxf6 7. Nf3 0-0 8. c3 Nd7 9. Bd3 e5 10. 0-0 exd4 11. Nxf6+ Nxf6 12. Nxd4 c5 13. Ne2 Qc7 14. Ng3 Bg4 15. Qa4 Qd7 16. Qxd7 Bxd7 17. Be4 Nxe4 18. Nxe4 Rae8 19. Rfe1 b6 20. f3 Be6 21. a3 Bb3 22. Rac1 1/2-1/2

[Event "FRA-chT2 South 0607"]
[Site "France"]
[Date "2007.03.31"]
[Round "10.3"]
[White "Sibirko, Ivan"]
[Black "Boyd, Stephen"]
[Result "0-1"]
[WhiteElo "2077"]
[BlackElo "2311"]
[PlyCount "74"]
[EventDate "2006.10.15"]
[EventType "team"]
[EventRounds "11"]
[EventCountry "FRA"]
[SourceTitle "EXT 2008"]
[Source "ChessBase"]
[SourceDate "2007.11.25"]
[SourceVersion "1"]
[SourceVersionDate "2007.11.25"]
[SourceQuality "1"]
[WhiteTeam "L'Isle sur la Sorgue"]
[BlackTeam "Saint Affrique"]
[WhiteTeamCountry "FRA"]
[BlackTeamCountry "FRA"]

1. d4 g6 2. e4 Bg7 3. Nc3 d6 4. g3 Nf6 5. Bg2 0-0 6. Nge2 Nbd7 7. 0-0 Rb8 8. h3 b5 9. Qd3 b4 10. Nd5 Nxd5 11. exd5 Nf6 12. c4 bxc3 13. bxc3 e6 14. dxe6 Bxe6 15. d5 Bf5 16. Qc4 Nd7 17. Bf4 Ne5 18. Bxe5 dxe5 19. g4 Bd7 20. Rab1 Rb6 21. a4 Qb8 22. Qa2 a5 23. c4 Qa7 24. Nc3 Rb4 25. Rxb4 axb4 26. Nb5 Qc5 27. Qd2 Ra8 28. Qe3 Qxe3 29. fxe3 Rxa4 30. Nxc7 Bf8 31. Be4 Bc5 32. Kf2 f5 33. gxf5 gxf5 34. Bf3 Ra2+ 35. Be2 f4 36. Rg1+ Kf7 37. Rb1 e4 0-1

[Event "FRA-chT2 South 0607"]
[Site "France"]
[Date "2006.12.10"]
[Round "4.4"]
[White "Gachet, Sebastien"]
[Black "Sibirko, Ivan"]
[Result "1-0"]
[WhiteElo "2274"]
[BlackElo "2106"]
[PlyCount "76"]
[EventDate "2006.10.15"]
[EventType "team"]
[EventRounds "11"]
[EventCountry "FRA"]
[SourceTitle "EXT 2008"]
[Source "ChessBase"]
[SourceDate "2007.11.25"]
[SourceVersion "1"]
[SourceVersionDate "2007.11.25"]
[SourceQuality "1"]
[WhiteTeam "Nice"]
[BlackTeam "L'Isle sur la Sorgue"]
[WhiteTeamCountry "FRA"]
[BlackTeamCountry "FRA"]

1. e4 e6 2. d4 d5 3. e5 c5 4. c3 Bd7 5. Nf3 Nc6 6. a3 cxd4 7. cxd4 Nge7 8. Nc3 Nf5 9. Be2 Be7 10. 0-0 h5 11. b4 g5 12. Be3 g4 13. Ne1 Rc8 14. Qd3 a6 15. g3 Na7 16. Qd2 Qc7 17. Rc1 Nxe3 18. Qxe3 Nb5 19. Na2 Qd8 20. Rxc8 Qxc8 21. f3 f5 22. a4 Na7 23. Qb3 0-0 24. Nc2 Qe8 25. Nc3 Qg6 26. f4 Kg7 27. b5 a5 28. Ne3 h4 29. Ncxd5 exd5 30. Qxd5 hxg3 31. Qxd7 gxh2+ 32. Kxh2 Nc8 33. Bd3 g3+ 34. Kg2 Qf7 35. Nxf5+ Kh8 36. Nxg3 Nb6 37. Qh3+ Kg8 38. Qg4+ Kh8 1-0

[Event "FRA-chT2 South 0607"]
[Site "France"]
[Date "2006.11.26"]
[Round "3.6"]
[White "Sibirko, Ivan"]
[Black "Ouakhir, Pierre Mehdi"]
[Result "0-1"]
[WhiteElo "2106"]
[BlackElo "2211"]
[PlyCount "104"]
[EventDate "2006.10.15"]
[EventType "team"]
[EventRounds "11"]
[EventCountry "FRA"]
[SourceTitle "EXT 2008"]
[Source "ChessBase"]
[SourceDate "2007.11.25"]
[SourceVersion "1"]
[SourceVersionDate "2007.11.25"]
[SourceQuality "1"]
[WhiteTeam "L'Isle sur la Sorgue"]
[BlackTeam "Palavas les Flots"]
[WhiteTeamCountry "FRA"]
[BlackTeamCountry "FRA"]

1. d4 d5 2. c4 e6 3. Nc3 c6 4. cxd5 exd5 5. Nf3 Bf5 6. Bg5 Qb6 7. Qd2 Be7 8. Bxe7 Nxe7 9. e3 0-0 10. Be2 Nd7 11. 0-0 Ng6 12. Na4 Qc7 13. b4 b5 14. Nc3 Nb6 15. Qc1 Nc4 16. Nd2 a5 17. a3 axb4 18. Nxc4 bxc3 19. e4 Bxe4 20. Ne3 Nf4 21. Re1 Qb6 22. Qxc3 b4 23. axb4 Rxa1 24. Qxa1 Qxb4 25. Bf1 Ne6 26. Rd1 Rb8 27. Qa7 Qb6 28. Qa1 h6 29. Ng4 Kh7 30. Ne5 Rb7 31. Qc3 f6 32. Nf3 Qb3 33. Qxb3 Rxb3 34. Nd2 Rb4 35. Nxe4 dxe4 36. d5 cxd5 37. Rxd5 Rd4 38. Rxd4 Nxd4 39. Bc4 Kg6 40. Kf1 f5 41. Bd5 Kf6 42. f3 exf3 43. gxf3 Ke5 44. Bb7 Kf4 45. Kf2 g5 46. h3 h5 47. Ba8 h4 48. Bb7 Ke5 49. Ke3 Ne6 50. Ba6 Nf4 51. Bf1 Kd5 52. Kf2 Kd4 0-1

[Event "FRA-chT2 South 0607"]
[Site "France"]
[Date "2006.10.15"]
[Round "1.6"]
[White "Sibirko, Ivan"]
[Black "Forestier, Flavien"]
[Result "1/2-1/2"]
[WhiteElo "2106"]
[BlackElo "2192"]
[PlyCount "86"]
[EventDate "2006.10.15"]
[EventType "team"]
[EventRounds "11"]
[EventCountry "FRA"]
[SourceTitle "EXT 2008"]
[Source "ChessBase"]
[SourceDate "2007.11.25"]
[SourceVersion "1"]
[SourceVersionDate "2007.11.25"]
[SourceQuality "1"]
[WhiteTeam "L'Isle sur la Sorgue"]
[BlackTeam "Grasse"]
[WhiteTeamCountry "FRA"]
[BlackTeamCountry "FRA"]

1. d4 d5 2. c4 e6 3. Nc3 Nf6 4. e3 Be7 5. Nf3 0-0 6. Qc2 b6 7. b3 Bb7 8. Bd3 c5 9. cxd5 exd5 10. 0-0 Nc6 11. a3 Rc8 12. Bf5 Rb8 13. Rd1 g6 14. Bd3 Rc8 15. dxc5 bxc5 16. Bb2 Nb4 17. axb4 cxb4 18. Qd2 bxc3 19. Bxc3 Ne4 20. Bxe4 dxe4 21. Qb2 Qc7 22. Be5 Qb6 23. Nd2 Bc5 24. Nc4 Qe6 25. Nd6 Rb8 26. b4 Bd5 27. Ra5 Rxb4 28. Qa1 Bxd6 29. Bxd6 Qxd6 30. Raxd5 Qb6 31. h4 Rb5 32. Rxb5 Qxb5 33. Qxa7 Qh5 34. Rd7 Qxh4 35. Qd4 h5 36. Qd5 Qg4 37. Re7 Qe2 38. Qxe4 Qe1+ 39. Kh2 Qxf2 40. Kh3 Qf6 41. Rc7 Rd8 42. Rc6 Qf2 43. Rc2 Qf6 1/2-1/2